अनोखी तृप्ति / (Record no. 116541)
[ view plain ]
| 000 -LEADER | |
|---|---|
| fixed length control field | 01037nam a22002537a 4500 |
| 005 - DATE AND TIME OF LATEST TRANSACTION | |
| control field | 20170124103040.0 |
| 010 ## - LIBRARY OF CONGRESS CONTROL NUMBER | |
| LC control number | B-074051 |
| 020 ## - INTERNATIONAL STANDARD BOOK NUMBER | |
| Terms of availability | 150.00 |
| 035 ## - SYSTEM CONTROL NUMBER | |
| System control number | B-074051 |
| 037 ## - SOURCE OF ACQUISITION | |
| Source of stock number/acquisition | Cen Lib/Ret |
| 040 ## - CATALOGING SOURCE | |
| Original cataloging agency | DPL |
| Language of cataloging | HN |
| 082 ## - DEWEY DECIMAL CLASSIFICATION NUMBER | |
| Classification number | उ |
| Item number | गोल्डस्मि |
| 100 ## - MAIN ENTRY--PERSONAL NAME | |
| Personal name | गोल्डस्मिथ, ऑलिवर |
| 9 (RLIN) | 67059 |
| 245 ## - TITLE STATEMENT | |
| Title | अनोखी तृप्ति / |
| Statement of responsibility, etc | ऑलिवर गोल्डस्मिथ |
| 246 ## - VARYING FORM OF TITLE | |
| Title proper/short title | Anokhi tripti / |
| Remainder of title | by Oliver Goldsmith |
| 260 ## - PUBLICATION, DISTRIBUTION, ETC. (IMPRINT) | |
| Name of publisher, distributor, etc | नवयुग साहित्य |
| Place of publication, distribution, etc | दिल्ली |
| Date of publication, distribution, etc | 2001 |
| 270 ## - ADDRESS | |
| City | दिल्ली |
| Address | ऍफ़-23, बी, विजय नगर |
| Postal code | 110009 |
| 300 ## - PHYSICAL DESCRIPTION | |
| Extent | 156पृ. |
| Dimensions | 19सेमी(सजिल्द ) |
| 650 ## - SUBJECT ADDED ENTRY--TOPICAL TERM | |
| Topical term or geographic name as entry element | हिंदी साहित्य |
| General subdivision | |
| Geographic subdivision | |
| 9 (RLIN) | 67060 |
| 650 ## - SUBJECT ADDED ENTRY--TOPICAL TERM | |
| Topical term or geographic name as entry element | हिंदी साहित्य |
| General subdivision | उपन्यास |
| 9 (RLIN) | 42619 |
| 650 ## - SUBJECT ADDED ENTRY--TOPICAL TERM | |
| Topical term or geographic name as entry element | Hindi literature |
| 9 (RLIN) | 67061 |
| 650 ## - SUBJECT ADDED ENTRY--TOPICAL TERM | |
| Topical term or geographic name as entry element | Hindi literature |
| General subdivision | Fiction |
| 9 (RLIN) | 67062 |
| 942 ## - ADDED ENTRY ELEMENTS (KOHA) | |
| Source of classification or shelving scheme | Dewey Decimal Classification |
| Koha item type | Hindi Books |
| Classification part | उ |
| Call number suffix | गोल्डस्मि |
| Withdrawn status | Lost status | Damaged status | Not for loan | Home library | Current library | Date acquired | Source of acquisition | Cost, normal purchase price | Total Checkouts | Full call number | Barcode | Date last seen | Copy number | Cost, replacement price | Price effective from | Koha item type | Public note |
|---|---|---|---|---|---|---|---|---|---|---|---|---|---|---|---|---|---|
| Written off | Central Library | Central Library | 25/08/2015 | Cen Lib/Ref | 150.00 | उ गोल्डस्मि | B-074051 | 25/08/2015 | 1 | 150.00 | 25/08/2015 | Hindi Books | Written off on approval by DLB (By Circulation); dtd 20.12.2022 |
